Náklady a výnosy podniku ako podklad pre hodnotenie úrovne efektívnosti činnosti podniku diplomová práca
Guardado en:
| Autor principal: | |
|---|---|
| Autor Corporativo: | |
| Otros Autores: | |
| Formato: | Libro |
| Lenguaje: | eslovaco |
| Publicado: |
Bratislava
2023
|
| Etiquetas: |
Sin Etiquetas, Sea el primero en etiquetar este registro!
|
MARC
| LEADER | 00000nbm a2200000 4500 | ||
|---|---|---|---|
| 001 | 0293391 | ||
| 005 | 20240509143446.7 | ||
| 041 | 0 | |a slo | |
| 044 | |a SK | ||
| 245 | 1 | 0 | |a Náklady a výnosy podniku ako podklad pre hodnotenie úrovne efektívnosti činnosti podniku |b diplomová práca |c Alica Paštiaková ; školiteľ: Miroslav Tóth |
| 264 | 1 | |a Bratislava |c 2023 | |
| 300 | |a 83 s. | ||
| 100 | 1 | |a Paštiaková, Alica | |
| 700 | 1 | |a Tóth, Miroslav, 1961- | |
| 710 | 2 | |a Fakulta podnikového manažmentu EU. Katedra podnikovohospodárska | |